Principios de Genética / (Record no. 144311)
[ view plain ]
| 000 -LEADER | |
|---|---|
| campo de control de longitud fija | 00791nam a2200217 4500 |
| 001 - NÚMERO DE CONTROL | |
| campo de control | 144311 |
| 003 - IDENTIFICADOR DE NÚMERO DE CONTROL | |
| campo de control | ES-MaACL |
| 005 - FECHA Y HORA DE LA ÚLTIMA TRANSACCIÓN | |
| campo de control | 20230906201006.0 |
| 007 - CAMPO FIJO DE DESCRIPCIÓN FÍSICA--INFORMACIÓN GENERAL | |
| campo de control de longitud fija | t| |
| 008 - DATOS DE LONGITUD FIJA--INFORMACIÓN GENERAL | |
| campo de control de longitud fija | 070214s1961 sp r ||||1| spa d |
| 100 1# - ENTRADA PRINCIPAL--NOMBRE DE PERSONA | |
| Nombre de persona | Sinnott, Edmund Ware. |
| 9 (RLIN) | 106646 |
| 245 10 - MENCIÓN DEL TÍTULO | |
| Título | Principios de Genética / |
| Mención de responsabilidad, etc. | Edmund W. Sinnott, L. C. Dunn, Theodosius Dobzhansky ; traducción de la quinta edición por el Dr. Antonio Prevosti. |
| 260 ## - PUBLICACIÓN, DISTRIBUCIÓN, ETC. | |
| Lugar de publicación, distribución, etc. | Barcelona : |
| Nombre del editor, distribuidor, etc. | Omega, |
| Fecha de publicación, distribución, etc. | 1961 ( |
| Fabricante | Gráf. Condal) |
| 300 ## - DESCRIPCIÓN FÍSICA | |
| Extensión | 581 p. : |
| Otras características físicas | il. ; |
| Dimensiones | 23 cm. |
| 500 ## - NOTA GENERAL | |
| Nota general | Tít. orig.: Principles of genetics. |
| 700 1# - ENTRADA AGREGADA--NOMBRE PERSONAL | |
| Nombre de persona | Dunn, Leslie Clarence. |
| 9 (RLIN) | 46058 |
| 700 1# - ENTRADA AGREGADA--NOMBRE PERSONAL | |
| Nombre de persona | Dobzhansky, Theodosius Grigorievich. |
| 9 (RLIN) | 44952 |
| 700 1# - ENTRADA AGREGADA--NOMBRE PERSONAL | |
| Nombre de persona | Prevosti, Antonio. |
| 9 (RLIN) | 93823 |
| 740 0# - ENTRADA AGREGADA--TÍTULO RELACIONADO/ANALÍTICO NO CONTROLADO | |
| Título relacionado o analítico no controlado | Principles of genetics. |
| 852 ## - LOCALIZACIÓN | |
| Ubicación | ES-MaACL |
| Número de control de estantería | C-20558 |
| Sublocalización o colección | R.49073 |
| Estatus retirado | Estado de pérdida | Estado de daño | No para préstamo | Biblioteca de origen | Biblioteca actual | Ubicación en estantería | Fecha de adquisición | Fuente de adquisición | Total de préstamos | Signatura topográfica completa | Código de barras | Visto por última vez | Precio de reemplazo | Tipo de ítem Koha |
|---|---|---|---|---|---|---|---|---|---|---|---|---|---|---|
| Biblioteca del Ateneo de Madrid | Biblioteca del Ateneo de Madrid | Galería | 17/01/2008 | C-20558 | 1150144 | 23/02/2023 | 23/02/2023 | Libro impreso |
